[Event "Brazil Fiesta op"]
[Site "Brazil"]
[Date "2017.07.23"]
[Round "6"]
[White "Fontes, Matheus Consolmagno"]
[Black "Hoshino, Meilin"]
[Result "1-0"]
[WhiteElo "1499"]
[BlackElo "1377"]
[PlyCount "53"]
[EventDate "2017.07.21"]
[EventType "swiss"]
[EventRounds "6"]
[EventCountry "BRA"]
[SourceTitle "EXT 2019"]
[Source "ChessBase"]
[SourceDate "2018.10.10"]
[SourceVersion "1"]
[SourceVersionDate "2018.10.10"]
[SourceQuality "1"]

1. e4 d5 2. exd5 Qxd5 3. Nc3 Qa5 4. Nf3 Nf6 5. d4 c6 6. Bd2 Qc7 7. Bc4 Bf5 8. 0-0 e6 9. Re1 Bd6 10. Bg5 Nbd7 11. Qe2 h6 12. Bd2 0-0 13. Bd3 Bg4 14. h3 Bxf3 15. Qxf3 Rfd8 16. Ne4 Rac8 17. Nxf6+ Nxf6 18. Bxh6 Bf8 19. c3 Qe7 20. Bg5 Rd7 21. Re4 c5 22. Rg4 cxd4 23. Bxf6 Qd6 24. Rxd4 Qc7 25. Qh5 Bc5 26. Qh7+ Kf8 27. Qh8# 1-0

[Event "Brazil Fiesta op"]
[Site "Brazil"]
[Date "2017.07.22"]
[Round "4"]
[White "Fontes, Matheus Consolmagno"]
[Black "De Oliveira, Rogerio Soares"]
[Result "1-0"]
[WhiteElo "1499"]
[BlackElo "1368"]
[PlyCount "109"]
[EventDate "2017.07.21"]
[EventType "swiss"]
[EventRounds "6"]
[EventCountry "BRA"]
[SourceTitle "EXT 2019"]
[Source "ChessBase"]
[SourceDate "2018.10.10"]
[SourceVersion "1"]
[SourceVersionDate "2018.10.10"]
[SourceQuality "1"]

1. e4 c6 2. d4 d5 3. exd5 cxd5 4. Nc3 Nf6 5. Bd3 a6 6. Nf3 e6 7. 0-0 Be7 8. Re1 b5 9. Ne2 Nc6 10. Ng3 Nb4 11. c3 Nxd3 12. Qxd3 Bb7 13. Ne5 0-0 14. Bg5 Rc8 15. Qf3 Ne4 16. Bxe7 Qxe7 17. Nxe4 dxe4 18. Qh3 b4 19. Re3 f6 20. Ng4 f5 21. Ne5 f4 22. Re2 Rf6 23. Ng4 Rg6 24. Rae1 Qg5 25. f3 e3 26. Rf1 bxc3 27. bxc3 Rxc3 28. Rb2 Rc7 29. Rfb1 Qd5 30. Qh4 Qxd4 31. Ne5 e2+ 32. Kh1 Qd1+ 33. Qe1 Qxe1+ 34. Rxe1 Rf6 35. Rbxe2 h5 36. Nd3 Bd5 37. h3 Rc3 38. Nb4 Bc4 39. Re5 g6 40. Rc5 Kg7 41. Re4 Bd5 42. Rxc3 Bxe4 43. fxe4 a5 44. Nc6 a4 45. Kh2 h4 46. Nd4 e5 47. Nf3 Rd6 48. Nxe5 Rd4 49. Rc4 Rxc4 50. Nxc4 Kf6 51. Kg1 Ke6 52. Kf2 Kd7 53. Nb6+ Kc6 54. Nxa4 Kd6 55. Kf3 1-0

[Event "BRA-ch U14"]
[Site "Brasilia"]
[Date "2017.04.23"]
[Round "6"]
[White "Fontes, Matheus Consolmagno"]
[Black "Arango, Pedro Esteban"]
[Result "1-0"]
[WhiteElo "1400"]
[BlackElo "1642"]
[PlyCount "73"]
[EventDate "2017.04.21"]
[EventType "swiss"]
[EventRounds "6"]
[EventCountry "BRA"]
[SourceTitle "CBM 177 Extra"]
[Source "ChessBase"]
[SourceDate "2017.04.27"]
[SourceVersion "1"]
[SourceVersionDate "2017.04.27"]
[SourceQuality "1"]

1. e4 e5 2. Nf3 Nc6 3. Bc4 Bc5 4. c3 Nf6 5. d3 0-0 6. Bg5 h6 7. Bh4 d6 8. h3 Re8 9. 0-0 a6 10. Re1 Ba7 11. Nbd2 Be6 12. Bb3 Bxb3 13. Nxb3 Nb8 14. Rc1 Nbd7 15. d4 c6 16. dxe5 dxe5 17. Qc2 Qc7 18. Rcd1 Rac8 19. Nbd2 b5 20. Nf1 Re6 21. Ne3 Bxe3 22. Rxe3 Nf8 23. Bxf6 gxf6 24. Nh4 Ng6 25. Rg3 Kh7 26. Nf5 Ne7 27. Rg7+ Kh8 28. Rxf7 Re8 29. Ng7 Qc8 30. Qb3 Kg8 31. Nxe6 Kxf7 32. Nc7+ Kf8 33. Nxe8 Kxe8 34. Rd6 Qc7 35. Rxf6 Qd7 36. Rxh6 Qd2 37. Qe6 1-0

[Event "BRA-ch U14"]
[Site "Brasilia"]
[Date "2017.04.22"]
[Round "3"]
[White "Fontes, Matheus Consolmagno"]
[Black "Szuba, Joao Gabriel Muniz"]
[Result "1/2-1/2"]
[WhiteElo "1400"]
[BlackElo "1569"]
[PlyCount "115"]
[EventDate "2017.04.21"]
[EventType "swiss"]
[EventRounds "6"]
[EventCountry "BRA"]
[SourceTitle "CBM 177 Extra"]
[Source "ChessBase"]
[SourceDate "2017.04.27"]
[SourceVersion "1"]
[SourceVersionDate "2017.04.27"]
[SourceQuality "1"]

1. e4 e5 2. Nf3 Nc6 3. Bc4 Bc5 4. c3 Nf6 5. d3 d6 6. h3 h6 7. 0-0 0-0 8. Be3 Bxe3 9. fxe3 Na5 10. Nbd2 Nxc4 11. Nxc4 Be6 12. Ncd2 c6 13. Qe1 Qc7 14. Qg3 Rae8 15. Nh4 Kh7 16. Nf5 Bxf5 17. Rxf5 Qe7 18. Raf1 d5 19. Qh4 Nd7 20. Qxe7 Rxe7 21. R1f3 Kg8 22. Rg3 Nc5 23. exd5 cxd5 24. e4 dxe4 25. Nxe4 Nxe4 26. dxe4 Rd8 27. Rf2 Red7 28. Rgf3 f6 29. Kh2 Rd2 30. Kg3 Rxf2 31. Rxf2 Kf7 32. Kh4 g6 33. g4 Ke6 34. Kg3 Rd3+ 35. Rf3 Rxf3+ 36. Kxf3 f5 37. b3 fxe4+ 38. Kxe4 Kf6 39. h4 Ke6 40. a4 Kd6 41. b4 b6 42. g5 hxg5 43. hxg5 a6 44. c4 a5 45. b5 Ke6 46. c5 bxc5 47. b6 Kd7 48. Kxe5 Kc6 49. b7 Kxb7 50. Ke4 Kc6 51. Ke5 Kb7 52. Ke4 Kc6 53. Ke5 c4 54. Kd4 c3 55. Kxc3 Kd5 56. Kd3 Kc5 57. Kc3 Kd5 58. Kd3 1/2-1/2

[Event "BRA-ch U14"]
[Site "Brasilia"]
[Date "2017.04.21"]
[Round "1"]
[White "Fontes, Matheus Consolmagno"]
[Black "Bonvini, Alberto Tonhati"]
[Result "0-1"]
[WhiteElo "1400"]
[BlackElo "2020"]
[PlyCount "106"]
[EventDate "2017.04.21"]
[EventType "swiss"]
[EventRounds "6"]
[EventCountry "BRA"]
[SourceTitle "CBM 177 Extra"]
[Source "ChessBase"]
[SourceDate "2017.04.27"]
[SourceVersion "1"]
[SourceVersionDate "2017.04.27"]
[SourceQuality "1"]

1. e4 e5 2. Nf3 Nc6 3. Bc4 Nf6 4. d3 Bc5 5. 0-0 d6 6. h3 h6 7. Be3 Bb6 8. Nc3 Ne7 9. Ne2 c6 10. Ng3 Ng6 11. Qd2 Bc7 12. c3 Be6 13. Bb3 Qd7 14. d4 a5 15. dxe5 dxe5 16. Rad1 Qxd2 17. Rxd2 Bxb3 18. axb3 0-0 19. Rfd1 Nf4 20. Bc5 Rfe8 21. Nh4 Ne6 22. Bd6 Bxd6 23. Rxd6 Nc5 24. b4 Ncxe4 25. Nxe4 Nxe4 26. Rd7 axb4 27. cxb4 Nf6 28. Rxb7 Rab8 29. Rxb8 Rxb8 30. Nf5 Nd5 31. Rxd5 cxd5 32. Ne7+ Kh7 33. Nxd5 Rb5 34. Ne3 Rxb4 35. Nd1 Rd4 36. Ne3 f6 37. Kf1 Rd2 38. b4 Rd4 39. Nc2 Rc4 40. Ne3 Rxb4 41. Ke2 Ra4 42. Kf3 g6 43. g4 Kg7 44. Kg3 Ra3 45. Kf3 f5 46. Kg2 Kf6 47. h4 Rxe3 48. fxe3 fxg4 49. e4 h5 50. Kf2 g5 51. Kg3 gxh4+ 52. Kxh4 Kg6 53. Kg3 Kg5 0-1

[Event "Florianopolis op 3rd"]
[Site "Florianopolis"]
[Date "2017.01.24"]
[Round "7"]
[White "Fontes, Matheus Consolmagno"]
[Black "Campos, Otavio Moraes"]
[Result "0-1"]
[WhiteElo "1455"]
[BlackElo "1724"]
[PlyCount "100"]
[EventDate "2017.01.20"]
[EventType "swiss"]
[EventRounds "10"]
[EventCountry "BRA"]
[SourceTitle "CBM 176 Extra"]
[Source "ChessBase"]
[SourceDate "2017.03.02"]
[SourceVersion "1"]
[SourceVersionDate "2017.03.02"]
[SourceQuality "1"]

1. e4 e6 2. Nf3 d5 3. Nc3 d4 4. Ne2 c5 5. d3 Nc6 6. c3 e5 7. g3 Nf6 8. Bg2 Be7 9. 0-0 Bg4 10. Ne1 Qd7 11. f4 Rd8 12. Nf3 exf4 13. cxd4 fxg3 14. d5 gxh2+ 15. Kh1 Nd4 16. Nexd4 cxd4 17. Qe1 Bh3 18. Qg3 Bxg2+ 19. Qxg2 g6 20. d6 Bf8 21. Bg5 Ng4 22. Bxd8 Ne3 23. Ne5 Qe6 24. d7+ Kxd8 25. Nxf7+ Kxd7 26. Ng5 Nxg2 27. Nxe6 Kxe6 28. Kxg2 Bd6 29. Rf2 h5 30. Raf1 Be5 31. Rf8 Rh7 32. Rg8 Rh6 33. Re8+ Kd6 34. Rf7 g5 35. Rd8+ Ke6 36. Rxb7 Rf6 37. Re8+ Kd6 38. Rd8+ Kc6 39. Rxa7 Rf2+ 40. Kxf2 h1Q 41. Ra6+ Kc7 42. Rh8 Qh2+ 43. Kf1 Qh3+ 44. Ke2 Qg2+ 45. Kd1 Qf3+ 46. Kc2 Bxh8 47. Kc1 Qxd3 48. Rh6 Be5 49. Rh7+ Kd6 50. Rf7 Qc4+ 0-1

[Event "Florianopolis op 3rd"]
[Site "Florianopolis"]
[Date "2017.01.23"]
[Round "6"]
[White "Fontes, Matheus Consolmagno"]
[Black "Vieira, Sofia Laura Pereira"]
[Result "1-0"]
[WhiteElo "1455"]
[BlackElo "1760"]
[PlyCount "57"]
[EventDate "2017.01.20"]
[EventType "swiss"]
[EventRounds "10"]
[EventCountry "BRA"]
[SourceTitle "CBM 176 Extra"]
[Source "ChessBase"]
[SourceDate "2017.03.02"]
[SourceVersion "1"]
[SourceVersionDate "2017.03.02"]
[SourceQuality "1"]

1. e4 e5 2. Nf3 Nc6 3. Bc4 Nf6 4. Ng5 d5 5. exd5 Nxd5 6. Nxf7 Qe7 7. Bxd5 Nd8 8. Nxh8 Ne6 9. Qf3 Ng5 10. Bf7+ Kd8 11. Qb3 Be6 12. Bxe6 Nxe6 13. 0-0 e4 14. Nc3 Nd4 15. Qd5+ Ke8 16. Qxd4 Qd8 17. Qxd8+ Rxd8 18. Re1 Rd7 19. Rxe4+ Be7 20. d4 c5 21. dxc5 Rc7 22. Bg5 Kd8 23. Rd1+ Kc8 24. Bxe7 b6 25. cxb6 axb6 26. Rd8+ Kb7 27. Bd6 Rc6 28. Re7+ Ka6 29. Ra8# 1-0

[Event "Florianopolis op 3rd"]
[Site "Florianopolis"]
[Date "2017.01.21"]
[Round "2"]
[White "Fontes, Matheus Consolmagno"]
[Black "Gomes, Yasmim da Silva"]
[Result "1-0"]
[WhiteElo "1455"]
[BlackElo "1615"]
[PlyCount "47"]
[EventDate "2017.01.20"]
[EventType "swiss"]
[EventRounds "10"]
[EventCountry "BRA"]
[SourceTitle "CBM 176 Extra"]
[Source "ChessBase"]
[SourceDate "2017.03.02"]
[SourceVersion "1"]
[SourceVersionDate "2017.03.02"]
[SourceQuality "1"]

1. e4 c5 2. Nc3 Nc6 3. g3 e6 4. Bg2 d6 5. d3 a6 6. Be3 h6 7. f4 Nf6 8. h3 Qc7 9. Nf3 Be7 10. 0-0 Bd7 11. g4 Nh7 12. Qd2 0-0-0 13. d4 Rhg8 14. d5 Nb4 15. a3 Nxc2 16. Qxc2 g5 17. fxg5 hxg5 18. Rac1 b5 19. b4 Rdf8 20. e5 dxe5 21. dxe6 Bxe6 22. bxc5 Bxc5 23. Bxc5 Qxc5+ 24. Qf2 1-0

[Event "Florianopolis op 3rd"]
[Site "Florianopolis"]
[Date "2017.01.20"]
[Round "1"]
[White "Do Prado, Hamilton Mesquita"]
[Black "Fontes, Matheus Consolmagno"]
[Result "1-0"]
[WhiteElo "1718"]
[BlackElo "1455"]
[PlyCount "39"]
[EventDate "2017.01.20"]
[EventType "swiss"]
[EventRounds "10"]
[EventCountry "BRA"]
[SourceTitle "CBM 176 Extra"]
[Source "ChessBase"]
[SourceDate "2017.03.02"]
[SourceVersion "1"]
[SourceVersionDate "2017.03.02"]
[SourceQuality "1"]

1. d4 f5 2. Bf4 e6 3. e3 Nf6 4. h3 d5 5. Nf3 Nbd7 6. Nbd2 Be7 7. Be2 h6 8. Ne5 Nxe5 9. dxe5 Ne4 10. Bh5+ Kf8 11. Nxe4 dxe4 12. Bg6 c6 13. Qxd8+ Bxd8 14. h4 Bd7 15. 0-0-0 Be8 16. Bxe8 Kxe8 17. h5 Bg5 18. Rh3 Rd8 19. Rd2 Ke7 20. Rg3 1-0

[Event "Brasilia Terraviva op"]
[Site "Brasilia"]
[Date "2017.01.07"]
[Round "4"]
[White "Do Carmo, Thiago Souza Lopes"]
[Black "Fontes, Matheus Consolmagno"]
[Result "1-0"]
[WhiteElo "1505"]
[BlackElo "1455"]
[PlyCount "69"]
[EventDate "2017.01.06"]
[EventType "swiss"]
[EventRounds "6"]
[EventCountry "BRA"]
[SourceTitle "CBM 176 Extra"]
[Source "ChessBase"]
[SourceDate "2017.03.02"]
[SourceVersion "1"]
[SourceVersionDate "2017.03.02"]
[SourceQuality "1"]

1. d4 f5 2. Nd2 Nf6 3. g3 e6 4. Bg2 d5 5. Ngf3 c6 6. c4 Bd6 7. b3 Nbd7 8. Bb2 0-0 9. e3 Ne4 10. cxd5 exd5 11. 0-0 Ndf6 12. Qc1 Be6 13. Ba3 Bxa3 14. Qxa3 Nxd2 15. Nxd2 Ne4 16. Nxe4 fxe4 17. Qb2 Qf6 18. Rac1 Rac8 19. b4 Rf7 20. a4 Rfc7 21. a5 c5 22. bxc5 Rxc5 23. Rxc5 Rxc5 24. Qxb7 Rxa5 25. Qb8+ Qf8 26. Qe5 Qe8 27. Rb1 Qc6 28. Bxe4 dxe4 29. Qxa5 Qc2 30. Qd8+ Kf7 31. Rb7+ Kg6 32. Qe8+ Kf5 33. Qh5+ Kf6 34. Qe5+ Kg6 35. Qxg7+ 1-0

[Event "Brasilia Terraviva op"]
[Site "Brasilia"]
[Date "2017.01.06"]
[Round "2"]
[White "Lins, Gustavo Ferreira"]
[Black "Fontes, Matheus Consolmagno"]
[Result "1/2-1/2"]
[WhiteElo "1711"]
[BlackElo "1455"]
[PlyCount "93"]
[EventDate "2017.01.06"]
[EventType "swiss"]
[EventRounds "6"]
[EventCountry "BRA"]
[SourceTitle "CBM 176 Extra"]
[Source "ChessBase"]
[SourceDate "2017.03.02"]
[SourceVersion "1"]
[SourceVersionDate "2017.03.02"]
[SourceQuality "1"]

1. c4 f5 2. d4 e6 3. Nc3 Nf6 4. Nf3 d5 5. Bg5 c6 6. g3 Bd6 7. Bg2 Nbd7 8. c5 Bc7 9. 0-0 h6 10. Bd2 0-0 11. Qc2 Ne4 12. Ne1 Ndf6 13. f3 Nxg3 14. hxg3 Bxg3 15. Nd3 Nh5 16. Be1 f4 17. Nf2 Qh4 18. Nh3 e5 19. e3 Bxh3 20. Bxh3 Qxh3 21. Qg2 Qxg2+ 22. Kxg2 Bxe1 23. Raxe1 fxe3 24. dxe5 d4 25. Ne2 d3 26. Nc3 Nf4+ 27. Kg3 e2 28. Rf2 Nd5 29. Nxe2 dxe2 30. Rexe2 Nf4 31. Rd2 g5 32. Rd6 Kg7 33. Rfd2 Nd5 34. Rh2 Nf6 35. exf6+ Rxf6 36. Rxf6 Kxf6 37. Rxh6+ Kf5 38. Rh7 b6 39. Rc7 bxc5 40. Rxc6 Re8 41. Rxc5+ Re5 42. Rxe5+ Kxe5 43. Kg4 Kf6 44. a4 a5 45. b3 Kg6 46. f4 gxf4 47. Kxf4 1/2-1/2

[Event "Brasilia Marista U2200"]
[Site "Brasilia"]
[Date "2016.08.28"]
[Round "5.4"]
[White "Taira, Erick Hideki"]
[Black "Fontes, Matheus Consolmagno"]
[Result "1-0"]
[WhiteElo "1706"]
[BlackElo "1478"]
[PlyCount "77"]
[EventDate "2016.08.27"]
[EventType "swiss"]
[EventRounds "5"]
[EventCountry "BRA"]
[SourceTitle "EXT 2022"]
[Source "ChessBase"]
[SourceDate "2021.10.06"]
[SourceVersion "1"]
[SourceVersionDate "2021.10.06"]
[SourceQuality "1"]

1. e4 c5 2. c3 e6 3. d4 d5 4. exd5 exd5 5. Nf3 Nf6 6. dxc5 Bxc5 7. Bg5 0-0 8. Be2 Bxf2+ 9. Kxf2 Ne4+ 10. Kf1 Nxg5 11. Nbd2 Nxf3 12. Nxf3 Bg4 13. h3 Be6 14. Qc2 Nd7 15. Rd1 Nf6 16. g4 g6 17. Rg1 Re8 18. Nd4 Qd7 19. Bb5 Qd6 20. Bxe8 Rxe8 21. Re1 Qa6+ 22. Kg2 Qxa2 23. Nxe6 Rxe6 24. Rxe6 fxe6 25. Re1 Qa6 26. Qe2 Qxe2+ 27. Rxe2 Kf7 28. b3 Ne4 29. c4 b6 30. cxd5 exd5 31. Rc2 a5 32. Rc6 b5 33. Rb6 Nc3 34. Ra6 a4 35. bxa4 Nxa4 36. Kf3 Kg7 37. g5 h6 38. Ra7+ Kh8 39. gxh6 1-0

[Event "Brasilia Marista U2200"]
[Site "Brasilia"]
[Date "2016.08.27"]
[Round "3.4"]
[White "Fontes, Matheus Consolmagno"]
[Black "De Rezende, Fernando Alencar"]
[Result "0-1"]
[WhiteElo "1478"]
[BlackElo "1484"]
[PlyCount "136"]
[EventDate "2016.08.27"]
[EventType "swiss"]
[EventRounds "5"]
[EventCountry "BRA"]
[SourceTitle "EXT 2022"]
[Source "ChessBase"]
[SourceDate "2021.10.06"]
[SourceVersion "1"]
[SourceVersionDate "2021.10.06"]
[SourceQuality "1"]

1. e4 c5 2. Nc3 Nc6 3. g3 Nf6 4. Bg2 g6 5. d3 Bg7 6. f4 d6 7. Nf3 e5 8. fxe5 Nxe5 9. Nxe5 dxe5 10. 0-0 0-0 11. Bg5 Qd6 12. Qd2 Ng4 13. Kh1 f6 14. Be3 Nxe3 15. Qxe3 Qd4 16. Qxd4 cxd4 17. Ne2 Bh6 18. c3 Bg4 19. Bf3 Bxf3+ 20. Rxf3 Rac8 21. Raf1 Kg7 22. cxd4 Rc2 23. R1f2 Rxb2 24. dxe5 Rxa2 25. exf6+ Kf7 26. e5 Ra6 27. Nd4 Ke8 28. e6 Rd6 29. Rc2 Rxd4 30. f7+ Ke7 31. Rc7+ Kxe6 32. Rxb7 Rd7 33. Rxd7 Kxd7 34. Rf6 Ke7 35. Ra6 Be3 36. Kg2 Rxf7 37. Ra1 Rf2+ 38. Kh3 Kf6 39. Re1 Bd2 40. Re8 Kg5 41. Re7 h5 42. Rxa7 Rf3 43. Kg2 Rxd3 44. h4+ Kh6 45. Ra4 Be1 46. g4 Bxh4 47. gxh5 Kxh5 48. Ra5+ g5 49. Ra8 Rg3+ 50. Kh2 g4 51. Ra5+ Kg6 52. Ra6+ Kf5 53. Ra5+ Ke6 54. Ra6+ Kd5 55. Ra5+ Kc4 56. Rh5 Rh3+ 57. Kg2 Kd4 58. Rh6 Ke5 59. Rh5+ Kf6 60. Rh6+ Kg7 61. Rh5 Kg6 62. Rh8 Rg3+ 63. Kh2 Kg5 64. Rg8+ Kf4 65. Rf8+ Ke3 66. Rh8 Kf2 67. Rf8+ Rf3 68. Rxf3+ gxf3 0-1

[Event "Goiania CXG U2200 op"]
[Site "Goiania"]
[Date "2016.07.03"]
[Round "5"]
[White "Fontes, Matheus Consolmagno"]
[Black "De Melo, Raissa Vieira"]
[Result "0-1"]
[WhiteElo "1507"]
[BlackElo "1528"]
[PlyCount "56"]
[EventDate "2016.07.02"]
[EventType "swiss"]
[EventRounds "5"]
[EventCountry "BRA"]
[SourceTitle "CBM 173 Extra"]
[Source "ChessBase"]
[SourceDate "2016.08.29"]
[SourceVersion "1"]
[SourceVersionDate "2016.08.29"]
[SourceQuality "1"]

1. e4 e5 2. Nf3 Nc6 3. Bc4 Bc5 4. c3 Nf6 5. d4 exd4 6. cxd4 Bb4+ 7. Bd2 Bxd2+ 8. Nbxd2 d5 9. exd5 Nxd5 10. 0-0 Nce7 11. Re1 c6 12. Qb3 0-0 13. Ne5 Qb6 14. Qxb6 axb6 15. Ndf3 Bf5 16. Rac1 Rfe8 17. Bd3 Bxd3 18. Nxd3 Rxa2 19. Nfe5 Raa8 20. Nc4 Nf5 21. Nde5 Nxd4 22. Nd6 Re7 23. Rc4 Rxe5 24. Ne4 Rxe4 25. Rcc1 Rae8 26. Rxe4 Rxe4 27. Ra1 g6 28. h3 Re2 0-1

[Event "Goiania CXG U2200 op"]
[Site "Goiania"]
[Date "2016.07.02"]
[Round "3"]
[White "Boucher, Daniel Ricardo"]
[Black "Fontes, Matheus Consolmagno"]
[Result "1-0"]
[WhiteElo "1732"]
[BlackElo "1507"]
[PlyCount "47"]
[EventDate "2016.07.02"]
[EventType "swiss"]
[EventRounds "5"]
[EventCountry "BRA"]
[SourceTitle "CBM 173 Extra"]
[Source "ChessBase"]
[SourceDate "2016.08.29"]
[SourceVersion "1"]
[SourceVersionDate "2016.08.29"]
[SourceQuality "1"]

1. f4 f5 2. Nf3 Nf6 3. e3 e6 4. Be2 Be7 5. 0-0 0-0 6. b3 Nc6 7. Bb2 d6 8. d3 b6 9. Nbd2 Bb7 10. h3 h6 11. Kh2 Qe8 12. e4 fxe4 13. Nxe4 Nxe4 14. dxe4 Rxf4 15. Qd2 Qf7 16. Bd3 d5 17. exd5 exd5 18. Ne5 Qe6 19. Nxc6 Rxf1 20. Nxe7+ Qxe7 21. Rxf1 Rd8 22. c4 dxc4 23. Bxc4+ Kh8 24. Qxh6# 1-0

[Event "Goiania Goias Cup"]
[Site "Goiania"]
[Date "2015.09.27"]
[Round "5"]
[White "Fontes, Matheus Consolmagno"]
[Black "De Miranda, Daniele Correa"]
[Result "1-0"]
[WhiteElo "1486"]
[BlackElo "1218"]
[PlyCount "27"]
[EventDate "2015.09.25"]
[EventType "swiss"]
[EventRounds "6"]
[EventCountry "BRA"]
[SourceTitle "EXT 2016"]
[Source "ChessBase"]
[SourceDate "2015.10.08"]
[SourceVersion "1"]
[SourceVersionDate "2015.10.08"]
[SourceQuality "1"]

1. e4 e5 2. Nf3 Nc6 3. Bc4 Nh6 4. Nc3 Bc5 5. d3 0-0 6. 0-0 d6 7. h3 Be6 8. Bb3 Qd7 9. Be3 Bb6 10. Qd2 Rad8 11. Bxh6 gxh6 12. Qxh6 Kh8 13. Ng5 Rg8 14. Qxh7# 1-0

[Event "Brasilia FBX 50"]
[Site "Brasilia"]
[Date "2015.09.05"]
[Round "1"]
[White "Fontes, Matheus Consolmagno"]
[Black "Japiassu, Ricardo de Villa No"]
[Result "0-1"]
[WhiteElo "1486"]
[BlackElo "1908"]
[PlyCount "60"]
[EventDate "2015.09.05"]
[EventType "swiss"]
[EventRounds "6"]
[EventCountry "BRA"]
[SourceTitle "EXT 2016"]
[Source "ChessBase"]
[SourceDate "2015.10.08"]
[SourceVersion "1"]
[SourceVersionDate "2015.10.08"]
[SourceQuality "1"]

1. e4 c5 2. Nf3 e6 3. d4 cxd4 4. Nxd4 a6 5. Nc3 b5 6. a3 Bb7 7. Be3 Qc7 8. f3 Nf6 9. Qd2 Be7 10. g4 d6 11. h4 Nfd7 12. 0-0-0 Nb6 13. Ndxb5 axb5 14. Nxb5 Qc6 15. Nxd6+ Bxd6 16. Qxd6 N8d7 17. Qxc6 Bxc6 18. Rd6 Rc8 19. Ba6 Rc7 20. Rhd1 Ke7 21. Bxb6 Nxb6 22. R1d2 Nd7 23. b4 Ra8 24. b5 Bb7 25. Bxb7 Rxb7 26. R6d3 Ne5 27. Rb3 Ra5 28. Rf2 Raxb5 29. Rxb5 Rxb5 30. g5 f5 0-1

[Event "Bra IRT Marista U2200 1st"]
[Site "Bra"]
[Date "2015.08.29"]
[Round "2.12"]
[White "Santos, Samuel Silva"]
[Black "Fontes, Matheus Consolmagno"]
[Result "1/2-1/2"]
[WhiteElo "1496"]
[BlackElo "1486"]
[PlyCount "35"]
[EventDate "2015.08.29"]
[EventType "swiss"]
[EventRounds "5"]
[EventCountry "BRA"]
[SourceTitle "EXT 2022"]
[Source "ChessBase"]
[SourceDate "2021.10.06"]
[SourceVersion "1"]
[SourceVersionDate "2021.10.06"]
[SourceQuality "1"]

1. d4 Nf6 2. c4 g6 3. Nc3 Bg7 4. Nf3 d6 5. Bg5 0-0 6. e3 h6 7. Bxf6 Bxf6 8. Bd3 e5 9. dxe5 dxe5 10. 0-0 Bg7 11. Bc2 Nc6 12. Qxd8 Rxd8 13. Nd5 Rd7 14. Rad1 Ne7 15. Nxe7+ Rxe7 16. h3 Be6 17. b3 Rd8 18. Rfe1 1/2-1/2

[Event "Brasilia FBX op"]
[Site "Brasilia"]
[Date "2015.03.01"]
[Round "4"]
[White "Fontes, Matheus Consolmagno"]
[Black "Faria, Fillipe Marinho"]
[Result "1/2-1/2"]
[WhiteElo "1531"]
[BlackElo "2074"]
[PlyCount "49"]
[EventDate "2015.02.27"]
[EventType "swiss"]
[EventRounds "5"]
[EventCountry "BRA"]
[SourceTitle "CBM 165 Extra"]
[Source "ChessBase"]
[SourceDate "2015.04.21"]
[SourceVersion "1"]
[SourceVersionDate "2015.04.21"]
[SourceQuality "1"]

1. e4 e5 2. Nf3 Nc6 3. Bc4 Bc5 4. 0-0 Nf6 5. d3 h6 6. Nc3 a6 7. Be3 Ba7 8. Bxa7 Rxa7 9. Ne2 d6 10. h3 b5 11. Bb3 Na5 12. c3 Nxb3 13. axb3 c5 14. Qc2 Bb7 15. Ng3 g6 16. Rfd1 0-0 17. d4 exd4 18. cxd4 Qb6 19. e5 Bxf3 20. dxc5 Qxc5 21. Qxc5 dxc5 22. gxf3 Nd7 23. f4 Re8 24. Rd6 Re6 25. Ne4 1/2-1/2

[Event "Brasilia FBX op"]
[Site "Brasilia"]
[Date "2015.02.28"]
[Round "3"]
[White "De Queiroz, Glauber Pimentel"]
[Black "Fontes, Matheus Consolmagno"]
[Result "1-0"]
[WhiteElo "1814"]
[BlackElo "1531"]
[PlyCount "91"]
[EventDate "2015.02.27"]
[EventType "swiss"]
[EventRounds "5"]
[EventCountry "BRA"]
[SourceTitle "CBM 165 Extra"]
[Source "ChessBase"]
[SourceDate "2015.04.21"]
[SourceVersion "1"]
[SourceVersionDate "2015.04.21"]
[SourceQuality "1"]

1. e4 c5 2. Nf3 d6 3. d4 cxd4 4. Nxd4 Nf6 5. Nc3 a6 6. Bg5 e6 7. Qd2 Be7 8. 0-0-0 0-0 9. f4 Nbd7 10. Be2 b5 11. Nc6 Qe8 12. Nxe7+ Qxe7 13. Qxd6 Qxd6 14. Rxd6 b4 15. Bxf6 bxc3 16. Bxc3 Nc5 17. Bf3 Bb7 18. e5 Ne4 19. Rb6 Bd5 20. Bb4 Rfc8 21. b3 Rc6 22. Rxc6 Bxc6 23. Re1 a5 24. Bxe4 Bxe4 25. Rxe4 axb4 26. Rxb4 h6 27. a4 Kf8 28. Rd4 Ke7 29. c4 Rb8 30. Kc2 Rb7 31. Kc3 Rb8 32. a5 g5 33. fxg5 hxg5 34. b4 f5 35. h3 Kf7 36. b5 f4 37. a6 Kg6 38. a7 Ra8 39. Rd7 Kf5 40. Kd4 g4 41. hxg4+ Kxg4 42. b6 Kg3 43. Rg7+ Kf2 44. Ke4 Ke2 45. Rb7 Kd2 46. Rb8 1-0

[Event "World School-ch U11 10th"]
[Site "Juiz de Fora"]
[Date "2014.11.28"]
[Round "3"]
[White "Fontes, Matheus Consolmagno"]
[Black "Silva, Darcy Antonio"]
[Result "1-0"]
[WhiteElo "1540"]
[BlackElo "1543"]
[PlyCount "33"]
[EventDate "2014.11.26"]
[EventType "swiss"]
[EventRounds "9"]
[EventCountry "BRA"]
[SourceTitle "EXT 2016"]
[Source "ChessBase"]
[SourceDate "2015.10.08"]
[SourceVersion "1"]
[SourceVersionDate "2015.10.08"]
[SourceQuality "1"]

1. e4 e5 2. Nf3 Nf6 3. Nc3 Bd6 4. d4 Qe7 5. Bg5 Bb4 6. dxe5 Bxc3+ 7. bxc3 h6 8. exf6 gxf6 9. Be3 Qxe4 10. Qd3 Qxd3 11. cxd3 Nc6 12. Nd4 Ne5 13. Be2 0-0 14. 0-0 a6 15. f4 Ng6 16. Bh5 Nh4 17. Nf3 1-0